000 01827nam a22004457a 4500
001 443
003 FISKH
005 20250826143756.0
008 230421b cb ||||| |||| 00| 0 eng d
010 _a 2009012053
020 _a9780763643058
020 _a9780545627405
040 _aDLC
_cDLC
_dDLC
_dFISKH
_beng
042 _alcac
050 0 0 _aPZ7.W46843
_bMxt 2010
082 0 0 _a920.07
_222
100 1 _aWells, Rosemary.
245 1 0 _aMy Havana :
_b[memories of a Cuban boyhood] /
_cRosemary Wells ; with Secundino Fernandez ; illustrated by Peter Ferguson.
250 _a1st ed.
260 _aSomerville, Mass. :
_bCandlewick Press,
_c2010.
300 _a65 p. :
_bill. (chiefly col.) ;
_c24 cm.
500 _a"Reinforced trade edition"--Jkt.
500 _aSubtitle from cover.
505 _aM
520 _aRelates events in the childhood of architect Secundino Fernandez, who left his beloved Havana, Cuba, with his parents, first to spend a year in Spain, and later to move to New York City.
521 8 _a760
_bLexile
521 8 _aM
_bRaz-Plus
600 1 0 _aFernandez, Secundino
_xChildhood and youth
_vJuvenile fiction.
600 1 1 _aFernandez, Secundino
_xChildhood and youth
_vFiction.
650 1 _aArchitecture
_vFiction.
650 1 _aFamily life
_zCuba
_vFiction.
650 1 _aDictators
_vFiction.
651 1 _aHavana (Cuba)
_xHistory
_y20th century
_vFiction.
651 1 _aCuba
_xHistory
_y20th century
_vFiction.
700 1 _aFernandez, Secundino.
700 1 _aFerguson, Peter,
_d1968-
_eill.
906 _a7
_bcbc
_corignew
_d1
_eecip
_f20
_gy-gencatlg
942 _2ddc
_cBK
_n0
999 _c443
_d443